|
|
|
|
| LEADER |
00000nab a2200000 a 4500 |
| 001 |
vtls000148002 |
| 003 |
SK-MaSNL |
| 005 |
20260302205904.0 |
| 008 |
160201c1983 xo 0 slo |
| 015 |
|
|
|a SNBRB19rr/mm-uuuuu
|
| 035 |
|
|
|a CL0158109
|
| 040 |
|
|
|a SNKBUCL
|b slo
|c SNKBUCL
|e AACR2
|
| 041 |
0 |
|
|a slo
|
| 044 |
|
|
|a xo
|c SK
|
| 080 |
|
|
|a 331.88(437.1/.2)
|2 1981
|
| 100 |
1 |
|
|a (kub)
|4 aut
|9 922381
|
| 245 |
1 |
0 |
|a Komplexný prístup k výchove
|b Plenárna schôdza Českej odborovej rady
|c (kub)
|
| 610 |
2 |
7 |
|a Revoluční odborové hnutí.
|b Česká odborová rada
|2 snkbucl
|9 180107
|
| 651 |
|
7 |
|a 3100
|2 snkbucl
|9 920766
|
| 655 |
|
7 |
|a články z novín a časopisov
|2 snkbucl
|9 267496
|
| 773 |
0 |
|
|t Práca
|g Roč. 38, č. 77 (1. 4. 1983), s. 1
|
| 850 |
|
|
|a Slovenská národná knižnica v Martine
|a MTA001
|
| 852 |
|
|
|a SNK
|b KIS3GCP
|
| 958 |
|
|
|a RK
|
| 958 |
|
|
|a CZ
|
| 992 |
|
|
|a RBX
|
| 999 |
|
|
|c 1479995
|d 1481925
|